000
00306nam a2200121Ia 4500
008
190802s9999 xx 000 0 und d
020
_a
978-81-315-1706-2
100
_a
Madura
245
0
_a
International Corporate Finance
260
_a
New Delhi
_b
Cengage Learning
_c
2010
300
_a
709:p
942
_c
BK
999
_c
2270
_d
2270